Jazyk a kultúra

Salvato in:
Dettagli Bibliografici
Autore principale: Zágoršeková, Marta
Altri autori: Kucharčík, Rudolf, 1977-
Natura: Capitolo di libro
Lingua:slovacco
Tags: Aggiungi Tag
Nessun Tag, puoi essere il primo ad aggiungerne!!

MARC

LEADER 00000naa$a2200000$$$4500
001 0184130
005 20240502073145.1
041 0 |a slo 
044 |a SK 
245 1 0 |a Jazyk a kultúra  |c Marta Zágoršeková, Rudolf Kucharčík 
100 1 |a Zágoršeková, Marta 
700 1 |a Kucharčík, Rudolf, 1977-